[Event "Chigorin Memorial 30th"]
[Site "St Petersburg"]
[Date "2023.10.22"]
[Round "2"]
[White "Andronov, Ilya"]
[Black "Kunin, Pavel1"]
[Result "0-1"]
[WhiteElo "1845"]
[BlackElo "2094"]
[PlyCount "78"]
[EventDate "2023.10.21"]
[EventType "swiss"]
[EventRounds "9"]
[EventCountry "RUS"]
[SourceTitle "Mega2024 Update 01"]
[Source "Chessbase"]
[SourceDate "2023.11.12"]
[SourceVersion "1"]
[SourceVersionDate "2023.11.12"]
[SourceQuality "1"]

1. d4 f5 2. Nf3 Nf6 3. g3 g6 4. Bg2 Bg7 5. 0-0 0-0 6. b3 Ne4 7. Bb2 c5 8. Nfd2 d5 9. f3 Nxd2 10. Qxd2 cxd4 11. Bxd4 e5 12. Bc5 Re8 13. e4 fxe4 14. fxe4 d4 15. c4 Nc6 16. Qd3 Be6 17. Nd2 Qa5 18. Bd6 Rad8 19. c5 Nb4 20. Nc4 Qxc5 21. Bxc5 Nxd3 22. Bxa7 Ra8 23. Bb6 Ra6 24. Rfd1 Bxc4 25. bxc4 Rxb6 26. Rxd3 Ra8 27. Bh3 Bh6 28. c5 Rc6 29. Rb3 Be3+ 30. Kh1 Rxc5 31. Rxb7 d3 32. Rb3 d2 33. Rd1 Rc1 34. Bg4 h5 35. Bf3 Rf8 36. Kg2 Bh6 37. Rb1 Rfc8 38. Kf2 Bf8 39. Ke2 Rxb1 0-1

[Event "Chigorin Memorial 19th"]
[Site "St Petersburg"]
[Date "2011.10.19"]
[Round "6"]
[White "Andronov, Ilya"]
[Black "Ziatdinov, Raset"]
[Result "0-1"]
[WhiteElo "2129"]
[BlackElo "2415"]
[PlyCount "54"]
[EventDate "2011.10.14"]
[EventType "swiss"]
[EventRounds "9"]
[EventCountry "RUS"]
[SourceTitle "CBM 144 Extra"]
[Source "ChessBase"]
[SourceDate "2011.10.28"]
[SourceVersion "1"]
[SourceVersionDate "2011.10.28"]
[SourceQuality "1"]

1. e4 e5 2. Nf3 Nc6 3. Bb5 a6 4. Ba4 Nf6 5. 0-0 Be7 6. Re1 b5 7. Bb3 d6 8. c3 0-0 9. h3 Na5 10. Bc2 c5 11. d4 Nd7 12. Nbd2 cxd4 13. cxd4 Nc6 14. Nb3 a5 15. Bd3 Ba6 16. d5 Ncb8 17. a3 a4 18. Nbd2 Nc5 19. Bf1 Nbd7 20. b4 axb3 21. Nxb3 Nxb3 22. Qxb3 Nc5 23. Qb4 Bc8 24. Bxb5 Rb8 25. Qc4 f5 26. exf5 Bxf5 27. Be3 Bd3 0-1

[Event "Chigorin Memorial 19th"]
[Site "St Petersburg"]
[Date "2011.10.17"]
[Round "4"]
[White "Andronov, Ilya"]
[Black "Bondarenko, Dmitry"]
[Result "1/2-1/2"]
[WhiteElo "2129"]
[BlackElo "1894"]
[PlyCount "85"]
[EventDate "2011.10.14"]
[EventType "swiss"]
[EventRounds "9"]
[EventCountry "RUS"]
[SourceTitle "CBM 144 Extra"]
[Source "ChessBase"]
[SourceDate "2011.10.28"]
[SourceVersion "1"]
[SourceVersionDate "2011.10.28"]
[SourceQuality "1"]

1. e4 c6 2. d4 d5 3. e5 Bf5 4. Nf3 e6 5. Be2 c5 6. 0-0 Nc6 7. c3 c4 8. b4 a5 9. b5 Na7 10. a4 Nc8 11. Nbd2 Nb6 12. Ne1 g5 13. g4 Bg6 14. h4 gxh4 15. f4 f5 16. gxf5 Bxf5 17. Bh5+ Kd7 18. Ng2 Nh6 19. Ne3 Rg8+ 20. Kh2 Rg3 21. Rf3 Be7 22. Ndf1 Rg7 23. Nxf5 Nxf5 24. Ne3 Qg8 25. Nxf5 Rg2+ 26. Kh1 exf5 27. Qf1 Rg3 28. Be3 Qe6 29. Bf2 Rg7 30. Qh3 Rf8 31. Bxh4 Bxh4 32. Qxh4 Rfg8 33. Qf6 Rg3 34. Raf1 Rxf3 35. Rxf3 Qxf6 36. exf6 Rf8 37. f7 Nc8 38. Re3 Ne7 39. Re5 Kd6 40. Kg2 b6 41. Kf2 Kd7 42. Kg3 Kd6 43. Kf2 1/2-1/2

[Event "Moscow op-E"]
[Site "Moscow"]
[Date "2011.02.06"]
[Round "9.78"]
[White "Zemerov, Vladimir"]
[Black "Andronov, Ilya"]
[Result "1/2-1/2"]
[WhiteElo "2316"]
[BlackElo "2105"]
[PlyCount "122"]
[EventDate "2011.01.29"]
[EventType "swiss"]
[EventRounds "9"]
[EventCountry "RUS"]
[SourceTitle "EXT 2022"]
[Source "ChessBase"]
[SourceDate "2021.10.06"]
[SourceVersion "1"]
[SourceVersionDate "2021.10.06"]
[SourceQuality "1"]

1. e4 c5 2. Nf3 e6 3. b3 d6 4. Bb2 Nf6 5. Nc3 Be7 6. Bb5+ Bd7 7. Bxd7+ Qxd7 8. d4 cxd4 9. Nxd4 a6 10. a4 0-0 11. 0-0 Nc6 12. Re1 Rfd8 13. Nxc6 Qxc6 14. Qd3 Rac8 15. Rac1 Ne8 16. Ne2 d5 17. e5 Nc7 18. Nd4 Qd7 19. Re3 g6 20. Rh3 b5 21. a5 b4 22. Qd2 Bf8 23. Ne2 Nb5 24. Nf4 h6 25. Rg3 Nc3 26. Bxc3 Rxc3 27. Rxc3 bxc3 28. Qxc3 Rc8 29. Qa1 h5 30. g3 Bh6 31. Qd4 Qc7 32. c4 Qxa5 33. c5 Qa3 34. Rc3 Bxf4 35. gxf4 Rb8 36. Qd3 d4 37. Qxd4 Rxb3 38. Rxb3 Qxb3 39. c6 Qc2 40. Qd8+ Kg7 41. c7 Qb1+ 42. Kg2 Qe4+ 43. Kf1 Qb1+ 44. Ke2 Qe4+ 45. Kd1 Qa4+ 46. Kd2 Qb4+ 47. Ke3 Qc3+ 48. Ke2 Qc2+ 49. Kf3 Qc6+ 50. Kg3 Qc3+ 51. Kh4 Qc1 52. Qf6+ Kg8 53. Qd8+ Kg7 54. Kh3 Qc3+ 55. Kg2 Qc6+ 56. f3 Qc2+ 57. Kh3 Qc3 58. Kg2 Qc2+ 59. Kg3 Qc3 60. Qf6+ Kg8 61. Qd8+ Kg7 1/2-1/2

[Event "Moscow op-B"]
[Site "Moscow"]
[Date "2009.02.01"]
[Round "2"]
[White "Shurunov, Andrei"]
[Black "Andronov, Ilya"]
[Result "0-1"]
[WhiteElo "1882"]
[BlackElo "2091"]
[PlyCount "70"]
[EventDate "2009.01.31"]
[EventType "swiss"]
[EventRounds "9"]
[EventCountry "RUS"]
[SourceTitle "EXT 2012"]
[Source "ChessBase"]
[SourceDate "2011.11.24"]
[SourceVersion "1"]
[SourceVersionDate "2011.11.24"]
[SourceQuality "1"]

1. e4 c5 2. Nf3 e6 3. d4 cxd4 4. Nxd4 Nf6 5. Nc3 d6 6. Be3 Nc6 7. Be2 Be7 8. Qd2 0-0 9. 0-0-0 a6 10. f3 Qc7 11. g4 b5 12. h4 b4 13. Na4 Nxd4 14. Bxd4 Rb8 15. Bxf6 gxf6 16. b3 Qa5 17. g5 f5 18. exf5 Qxf5 19. Bd3 Qe5 20. Kb1 f5 21. Rde1 Qg7 22. f4 a5 23. h5 Bd7 24. Bc4 d5 25. Bxd5 Rfd8 26. Rxe6 Bxe6 27. Bxe6+ Kh8 28. Qe2 Qd4 29. Bc4 Qe4 30. Qh2 Rd2 31. Qxd2 Qxh1+ 32. Kb2 Rd8 33. Qf2 Rd1 34. c3 Rb1+ 35. Kc2 Qd1# 0-1

[Event "Moscow op-B 04th"]
[Site "Moscow"]
[Date "2008.02.08"]
[Round "7"]
[White "Solovyov, Anton D"]
[Black "Andronov, Ilya"]
[Result "0-1"]
[WhiteElo "2212"]
[BlackElo "2039"]
[PlyCount "46"]
[EventDate "2008.02.02"]
[EventType "swiss"]
[EventRounds "9"]
[EventCountry "RUS"]
[SourceTitle "CBM 122 Extra"]
[Source "ChessBase"]
[SourceDate "2008.03.04"]
[SourceVersion "1"]
[SourceVersionDate "2008.03.04"]
[SourceQuality "1"]

1. d4 Nf6 2. c4 e6 3. Nc3 Bb4 4. e3 c5 5. Nge2 cxd4 6. exd4 0-0 7. a3 Be7 8. d5 exd5 9. cxd5 Re8 10. g3 Bc5 11. b4 Bb6 12. Bg2 Ng4 13. 0-0 Qf6 14. Bf4 g5 15. Ne4 Rxe4 16. Bxe4 gxf4 17. Nxf4 d6 18. Rc1 Bd7 19. Bf3 Ne5 20. Be2 Na6 21. Qd2 Nc7 22. Nh5 Qg6 23. Qf4 Nxd5 0-1